000 00661nam a2200241Ia 4500
003 OSt
005 20221005125840.0
006 a|||||r|||| 00| 0
007 ta
008 221004b |||||||| |||| 00| 0 mal d
024 _a57350
037 _cTextual
040 _aCRL
_cCRL
_bmal
041 _2mal
_amal
082 _aO32,3NVASU,1, K6
100 _aVasudevannithan Menakaimal Au.
_9637211
245 0 _aPremabandhangal
260 _c1966
650 _a MALAYALAM LITERATURE
_938866
650 _aMALAYALAM FICTION
_9183428
942 _hO32,3NVASU,1, K6
_cTEXL
_2cc
999 _c1055281
_d1055281